[Event "Santiago de Compostela Bicapawn GP Rap"]
[Site "Santiago de Compostela"]
[Date "2022.10.22"]
[Round "4"]
[White "Galvan, Jesus"]
[Black "Bouza Santiso, Roque"]
[Result "0-1"]
[WhiteElo "2085"]
[BlackElo "1888"]
[PlyCount "130"]
[EventDate "2022.10.22"]
[EventType "swiss (rapid)"]
[EventRounds "9"]
[EventCountry "ESP"]
[SourceTitle "CBM 210 Extra"]
[Source "ChessBase"]
[SourceDate "2022.11.30"]
[SourceVersion "1"]
[SourceVersionDate "2022.11.30"]
[SourceQuality "1"]

1. b3 c5 2. Bb2 d5 3. e3 Nc6 4. Bb5 Nf6 5. f4 Bg4 6. Nf3 e6 7. d3 Qa5+ 8. Nc3 d4 9. exd4 cxd4 10. Nxd4 Bxd1 11. Nxc6 bxc6 12. Bxc6+ Kd8 13. Bxa8 Bb4 14. Kd2 Bh5 15. a3 Bd6 16. g3 Ke7 17. Bg2 Rc8 18. h3 Qc5 19. Rhf1 Nd5 20. Bxd5 exd5 21. b4 Qc6 22. Rac1 f6 23. g4 Bg6 24. Ne2 Kf8 25. Nd4 Qd7 26. Rce1 Re8 27. g5 Rxe1 28. Kxe1 Qxh3 29. gxf6 Qe3+ 30. Ne2 gxf6 31. Bd4 Qh3 32. Rf2 Bh5 33. Nc3 Qe6+ 34. Kd2 Kf7 35. Bxa7 Qf5 36. Ke3 Qh3+ 37. Kd2 Qg3 38. Nxd5 Bf3 39. c4 Bxd5 40. cxd5 Bxf4+ 41. Kc2 Be3 42. Bxe3 Qxe3 43. Rh2 Kg6 44. Rg2+ Kf5 45. Rh2 h6 46. d6 Ke6 47. a4 Kxd6 48. a5 Qf4 49. Rh5 Qxb4 50. Rxh6 Qc5+ 51. Kb3 Qb5+ 52. Kc2 Ke6 53. Rh4 Qxa5 54. Rc4 f5 55. Kd1 Qa2 56. Rc2 Qb1+ 57. Kd2 f4 58. Rc4 Qf1 59. Re4+ Kf5 60. Re1 Qf2+ 61. Re2 Qf1 62. d4 f3 63. Re8 Qg2+ 64. Kd3 f2 65. Rf8+ Ke6 0-1

[Event "Santiago de Compostela Bicapawn GP Rap"]
[Site "Santiago de Compostela"]
[Date "2022.10.22"]
[Round "8"]
[White "Galvan, Jesus"]
[Black "Sanroman Costas, Mauro"]
[Result "0-1"]
[WhiteElo "2085"]
[BlackElo "2123"]
[PlyCount "85"]
[EventDate "2022.10.22"]
[EventType "swiss (rapid)"]
[EventRounds "9"]
[EventCountry "ESP"]
[SourceTitle "CBM 210 Extra"]
[Source "ChessBase"]
[SourceDate "2022.11.30"]
[SourceVersion "1"]
[SourceVersionDate "2022.11.30"]
[SourceQuality "1"]

1. b3 e5 2. Bb2 d6 3. c4 Nc6 4. e3 f5 5. Nc3 Nf6 6. d4 Be7 7. d5 Nb8 8. f4 e4 9. Qd2 Nbd7 10. Nge2 a5 11. Nd4 Nc5 12. Be2 0-0 13. a3 Qe8 14. 0-0 Qg6 15. b4 Na6 16. Nc2 Ng4 17. Nb5 Bd7 18. Nbd4 c6 19. Nb3 a4 20. Nbd4 Nc7 21. dxc6 bxc6 22. Rab1 c5 23. bxc5 dxc5 24. Nb5 Bxb5 25. cxb5 Rfd8 26. Qc3 Kh8 27. Qe1 Nd5 28. Qg3 Ngxe3 29. Qxg6 hxg6 30. Nxe3 Nxe3 31. Rfc1 Nd5 32. Be5 Ra7 33. Rd1 Nb6 34. Rxd8+ Bxd8 35. Rd1 Rd7 36. Rxd7 Nxd7 37. Bd1 Nb6 38. Kf1 Nc4 39. Bxa4 Nxa3 40. Bd6 Bb6 41. Bb3 Nxb5 42. Bf7 Nxd6 43. Ke1 0-1

[Event "Santiago de Compostela Bicapawn GP B4"]
[Site "Santiago de Compostela"]
[Date "2022.10.21"]
[Round "5"]
[White "Fernandez Guillen, Ernesto J"]
[Black "Galvan, Jesus"]
[Result "1-0"]
[WhiteElo "2441"]
[BlackElo "2085"]
[PlyCount "100"]
[EventDate "2022.10.21"]
[EventType "swiss (blitz)"]
[EventRounds "9"]
[EventCountry "ESP"]
[SourceTitle "CBM 210 Extra"]
[Source "ChessBase"]
[SourceDate "2022.11.30"]
[SourceVersion "1"]
[SourceVersionDate "2022.11.30"]
[SourceQuality "1"]

1. e4 c5 2. Nf3 Nf6 3. e5 Nd5 4. Nc3 Nxc3 5. dxc3 Nc6 6. Bf4 e6 7. Qd2 Qc7 8. 0-0-0 b6 9. Bd3 h6 10. h4 Bb7 11. Qe2 0-0-0 12. Ba6 d5 13. exd6 Bxd6 14. Bxd6 Rxd6 15. Rxd6 Qxd6 16. Rd1 Qf4+ 17. Kb1 Rd8 18. Rxd8+ Nxd8 19. Bxb7+ Kxb7 20. b3 Nc6 21. Kb2 g5 22. hxg5 hxg5 23. g3 Qf6 24. Qe3 g4 25. Nd2 Qe5 26. Qh6 Qf5 27. Qf8 Kc7 28. Nc4 Qd5 29. Qxf7+ Qd7 30. Qf4+ Kb7 31. Qxg4 b5 32. Ne3 b4 33. Qc4 Qd6 34. a3 a5 35. axb4 axb4 36. cxb4 cxb4 37. Qb5+ Kc7 38. Qc4 Qe5+ 39. Kb1 Qf6 40. Qe2 Nd4 41. Qc4+ Kd7 42. Qxb4 Nf3 43. Qb7+ Ke8 44. Qc6+ Kf7 45. Qd7+ Kg6 46. Ng4 Qc3 47. Qxe6+ Kh7 48. Qh6+ Kg8 49. Qg6+ Kf8 50. Qf6+ Ke8 1-0

[Event "Santiago de Compostela Bicapawn GP B4"]
[Site "Santiago de Compostela"]
[Date "2022.10.21"]
[Round "2"]
[White "Galvan, Jesus"]
[Black "Sargissian, Gabriel"]
[Result "0-1"]
[WhiteElo "2085"]
[BlackElo "2711"]
[PlyCount "138"]
[EventDate "2022.10.21"]
[EventType "swiss (blitz)"]
[EventRounds "9"]
[EventCountry "ESP"]
[SourceTitle "CBM 210 Extra"]
[Source "ChessBase"]
[SourceDate "2022.11.30"]
[SourceVersion "1"]
[SourceVersionDate "2022.11.30"]
[SourceQuality "1"]

1. b3 d5 2. Bb2 Bg4 3. Nf3 Bxf3 4. exf3 Nf6 5. g3 e6 6. Bg2 Be7 7. 0-0 0-0 8. f4 c6 9. d3 Ne8 10. Nd2 Bf6 11. Bxf6 Nxf6 12. Nf3 a5 13. a4 Nbd7 14. Ne5 Ne8 15. Re1 Nd6 16. Qf3 Nf5 17. Bh3 Nd4 18. Qd1 Nxe5 19. fxe5 c5 20. Bg2 Qb6 21. Rb1 Qb4 22. Qc1 Qc3 23. Qb2 Qxc2 24. Qxc2 Nxc2 25. Rec1 Nb4 26. Rxc5 Nxd3 27. Rc7 b6 28. f4 Rfc8 29. Rb7 Rab8 30. Rxb8 Rxb8 31. Bf1 Nc5 32. Bb5 g6 33. Kf2 Rc8 34. Ke3 Ne4 35. Rb2 Nc3 36. Be2 Nxe2 37. Kxe2 Rc3 38. Kf2 Kg7 39. Ke2 h6 40. Kd2 Rc5 41. Kd3 g5 42. fxg5 hxg5 43. Rf2 Rc1 44. h4 Re1 45. Kd4 Re4+ 46. Kd3 Rxe5 47. h5 g4 48. Rf4 Rxh5 49. Rxg4+ Kf6 50. Rg8 Rg5 51. Rb8 Rxg3+ 52. Kc2 Rg2+ 53. Kc3 Rg3+ 54. Kc2 Ke5 55. Rxb6 Rg8 56. Ra6 Rc8+ 57. Kd3 Rc5 58. Rb6 d4 59. Rb7 f5 60. Re7 Rc3+ 61. Kd2 Rxb3 62. Ra7 Ke4 63. Rxa5 e5 64. Ra8 Ra3 65. Kc2 f4 66. Kb2 Rh3 67. a5 f3 68. a6 Rh6 69. a7 Ra6 0-1

[Event "Santiago de Compostela Bicapawn GP B2"]
[Site "Santiago de Compostela"]
[Date "2022.10.20"]
[Round "2"]
[White "Munoz Pantoja, Miguel Angel"]
[Black "Galvan, Jesus"]
[Result "0-1"]
[WhiteElo "2367"]
[BlackElo "2085"]
[PlyCount "116"]
[EventDate "2022.10.20"]
[EventType "swiss (blitz)"]
[EventRounds "9"]
[EventCountry "ESP"]
[SourceTitle "CBM 210 Extra"]
[Source "ChessBase"]
[SourceDate "2022.11.30"]
[SourceVersion "1"]
[SourceVersionDate "2022.11.30"]
[SourceQuality "1"]

1. d4 d6 2. e4 Nf6 3. Nc3 e5 4. Nge2 Nbd7 5. h3 h5 6. g3 Be7 7. Bg2 c6 8. 0-0 0-0 9. Be3 b5 10. a3 a6 11. f4 Bb7 12. Bf3 Re8 13. Kh2 Bf8 14. dxe5 dxe5 15. f5 c5 16. Bg5 Be7 17. Qd3 c4 18. Qe3 Ng4+ 19. hxg4 Bxg5 20. Qf2 hxg4 21. Bxg4 Nf6 22. Bf3 Qd2 23. Rac1 Be3 24. Qg2 Bc5 25. Rfd1 Qe3 26. Re1 Rad8 27. Nf4 Qd2 28. Nfd5 Qh6+ 29. Qh3 Qg5 30. Rcd1 Bd4 31. Rh1 Nxd5 32. exd5 Bxc3 33. bxc3 e4 34. Be2 Rd6 35. Kg2 Rh6 36. Qg4 Qxg4 37. Bxg4 Rxh1 38. Kxh1 Kf8 39. Kg1 Ke7 40. d6+ Kf6 41. Kf2 e3+ 42. Ke2 Kg5 43. Bf3 Bxf3+ 44. Kxf3 e2 45. Re1 Kxf5 46. Rxe2 Rxe2 47. Kxe2 Ke6 48. Ke3 Kxd6 49. Ke4 Ke6 50. Kd4 f5 51. Ke3 g5 52. Kf3 Kd5 53. Ke3 Ke5 54. Kf3 f4 55. g4 Kd5 56. Kf2 Ke4 57. Ke2 f3+ 58. Kf2 Kf4 0-1

[Event "La Nucia op 3rd"]
[Site "La Nucia"]
[Date "2022.10.09"]
[Round "1"]
[White "Sadhwani, Raunak"]
[Black "Galvan, Jesus"]
[Result "1-0"]
[WhiteElo "2611"]
[BlackElo "2085"]
[PlyCount "97"]
[EventDate "2022.10.09"]
[EventType "swiss"]
[EventRounds "9"]
[EventCountry "ESP"]
[SourceTitle "CBM 210 Extra"]
[Source "ChessBase"]
[SourceDate "2022.11.30"]
[SourceVersion "1"]
[SourceVersionDate "2022.11.30"]
[SourceQuality "1"]

1. e4 e5 2. Nf3 Nf6 3. Nxe5 d6 4. Nf3 Nxe4 5. c4 Be7 6. d4 0-0 7. Bd3 Nf6 8. 0-0 Bg4 9. Nc3 c5 10. d5 Nbd7 11. h3 Bxf3 12. Qxf3 Ne5 13. Qd1 Nxd3 14. Qxd3 Rc8 15. a3 a6 16. Rb1 Re8 17. Bf4 Qd7 18. b4 b5 19. cxb5 c4 20. Qf3 axb5 21. g4 g6 22. Rbd1 h5 23. g5 Nh7 24. Qg3 Ra8 25. Bc1 Rab8 26. Ne4 Qf5 27. f3 Rbd8 28. Rfe1 Bf8 29. Bb2 Bg7 30. Bxg7 Kxg7 31. h4 Re5 32. Nc3 Rde8 33. Rxe5 Rxe5 34. f4 Re7 35. Nxb5 Qc2 36. Qc3+ Qxc3 37. Nxc3 Re3 38. Rc1 Nf8 39. Kg2 Nd7 40. a4 f6 41. a5 fxg5 42. hxg5 h4 43. Nb5 h3+ 44. Kh2 Re4 45. Nxd6 Rxf4 46. Rxc4 Rf2+ 47. Kxh3 Ne5 48. Rc7+ Kg8 49. a6 1-0

[Event "Titled Tuesday intern op 01st Feb-B"]
[Site "Chess.com INT"]
[Date "2022.02.02"]
[Round "1"]
[White "Galvan, Jesus"]
[Black "Kosakowski, Jakub"]
[Result "1-0"]
[WhiteElo "2081"]
[BlackElo "2442"]
[PlyCount "95"]
[EventDate "2022.02.02"]
[EventType "swiss (blitz)"]
[EventRounds "11"]
[EventCountry "USA"]
[SourceTitle "CBM 206 Extra"]
[Source "ChessBase"]
[SourceDate "2022.03.31"]
[SourceVersion "1"]
[SourceVersionDate "2022.03.31"]
[SourceQuality "1"]

1. c4 b6 2. Nc3 Bb7 3. e4 e5 4. g3 Nf6 5. Bg2 g6 6. Nge2 Bg7 7. 0-0 0-0 8. d3 d6 9. h3 Nbd7 10. Be3 Re8 11. f4 c6 12. f5 d5 13. cxd5 cxd5 14. Bg5 d4 15. Nb5 h6 16. Bd2 Nc5 17. fxg6 fxg6 18. b4 Ne6 19. a4 Kh7 20. Kh2 a6 21. Na3 Rc8 22. Qb3 Qe7 23. Nc4 Nd7 24. Ng1 Rc7 25. Rac1 Rec8 26. Qb1 Nd8 27. Nf3 Nf7 28. Rfe1 Bf8 29. Bf1 Nd6 30. Nxd6 Qxd6 31. Rxc7 Rxc7 32. Rc1 Be7 33. Be2 Bc6 34. b5 axb5 35. axb5 Bb7 36. Rxc7 Qxc7 37. Kg2 Nc5 38. Qc1 Bf8 39. h4 Kg7 40. h5 g5 41. Bxg5 hxg5 42. Qxg5+ Kh8 43. h6 Qe7 44. Qh5 Qf6 45. Nxe5 Ne6 46. Nf7+ Kg8 47. h7+ Kg7 48. h8Q# 1-0

[Event "Gibraltar Challengers op-B"]
[Site "Caleta"]
[Date "2020.01.27"]
[Round "3"]
[White "Galvan, Jesus"]
[Black "Royset, Pal"]
[Result "0-1"]
[WhiteElo "2180"]
[BlackElo "2151"]
[PlyCount "200"]
[EventDate "2020.01.25"]
[EventType "swiss"]
[EventRounds "5"]
[EventCountry "GGB"]
[SourceTitle "CBM 194 Extra"]
[Source "ChessBase"]
[SourceDate "2020.03.31"]
[SourceVersion "1"]
[SourceVersionDate "2020.03.31"]
[SourceQuality "1"]

1. c4 e5 2. Nc3 Nc6 3. Nf3 g6 4. d4 exd4 5. Nd5 Bg7 6. Bg5 Nce7 7. Nxd4 c6 8. Nc3 Qb6 9. Nb3 d5 10. cxd5 Nxd5 11. Nxd5 cxd5 12. Be3 Qb4+ 13. Bd2 Qd6 14. Bc3 Nf6 15. Qd4 0-0 16. Bb4 Qd8 17. Bxf8 Qxf8 18. Qc5 Qd8 19. e3 Ne4 20. Qc2 a5 21. Bd3 a4 22. Nd4 Qa5+ 23. Ke2 Nc5 24. b4 Qxb4 25. Rab1 Qa3 26. Rhc1 Bxd4 27. exd4 Bg4+ 28. f3 Nxd3 29. Qxd3 Re8+ 30. Kd2 Qxa2+ 31. Qc2 Qxc2+ 32. Rxc2 Bf5 33. Rcb2 Bxb1 34. Rxb1 Rb8 35. Rb5 Kf8 36. Kc3 Ke7 37. Kb4 Kd6 38. Rb6+ Kc7 39. Rf6 b5 40. Kc5 Rb7 41. Rxf7+ Kb8 42. Rf8+ Ka7 43. Kb4 Rc7 44. Re8 Kb6 45. Rb8+ Ka6 46. Ra8+ Kb7 47. Rd8 Kc6 48. f4 Ra7 49. Rc8+ Kd6 50. Kxb5 a3 51. Rc6+ Kd7 52. Rc1 h5 53. Kb4 a2 54. Ra1 Ke6 55. g3 Kf5 56. Kc5 Ke4 57. Re1+ Kf3 58. Ra1 Kg2 59. Kxd5 Kxh2 60. f5 gxf5 61. Ke6 Kxg3 62. Kxf5 h4 63. d5 h3 64. d6 h2 65. Ke6 Kg2 66. d7 h1Q 67. Rxh1 Kxh1 68. d8Q a1Q 69. Qh4+ Kg2 70. Qg4+ Kf2 71. Qf4+ Ke2 72. Qe4+ Kd2 73. Qd5+ Kc2 74. Qe4+ Kb3 75. Qd5+ Kb4 76. Qd6+ Kb5 77. Qd3+ Kb6 78. Qb3+ Kc5 79. Qc2+ Kd4 80. Qd2+ Kc4 81. Qd5+ Kc3 82. Qf3+ Kb2 83. Qe2+ Kb3 84. Qb5+ Ka2 85. Qc4+ Kb2 86. Qe2+ Kb1 87. Qd1+ Kb2 88. Qd2+ Kb3 89. Qd5+ Kc2 90. Qe4+ Kd2 91. Qf4+ Kd3 92. Qf3+ Kd4 93. Qf2+ Ke4 94. Qe2+ Kf4 95. Qf2+ Kg5 96. Qg3+ Kh6 97. Qf4+ Kh7 98. Qf5+ Kg8 99. Qg5+ Qg7 100. Qd8+ Kh7 0-1

[Event "Gibraltar Challengers op-A"]
[Site "Caleta"]
[Date "2020.01.22"]
[Round "3"]
[White "Hladik, Lumir"]
[Black "Galvan, Jesus"]
[Result "0-1"]
[WhiteElo "2018"]
[BlackElo "2180"]
[PlyCount "92"]
[EventDate "2020.01.20"]
[EventType "swiss"]
[EventRounds "5"]
[EventCountry "GGB"]
[SourceTitle "CBM 194 Extra"]
[Source "ChessBase"]
[SourceDate "2020.03.31"]
[SourceVersion "1"]
[SourceVersionDate "2020.03.31"]
[SourceQuality "1"]

1. e4 c5 2. Nf3 Nc6 3. d4 cxd4 4. Nxd4 Nf6 5. Nc3 e5 6. Ndb5 d6 7. Bg5 a6 8. Na3 b5 9. Nd5 Be7 10. Bxf6 Bxf6 11. Nxf6+ Qxf6 12. c3 Qg6 13. Qd3 0-0 14. Nc2 Bb7 15. Ne3 Ne7 16. f3 Qg5 17. Be2 Qh4+ 18. g3 Qg5 19. 0-0-0 d5 20. h4 Qh6 21. Kb1 Rfd8 22. Ng4 Qe6 23. h5 h6 24. Qc2 Rac8 25. Qb3 Rd6 26. Nf2 Rcd8 27. Rd2 Nc8 28. Rhd1 Nb6 29. Qb4 R6d7 30. f4 dxe4 31. f5 Qc6 32. c4 Rxd2 33. Rxd2 Rxd2 34. Qxd2 Nxc4 35. Qd8+ Kh7 36. f6 Qxf6 37. Qxf6 gxf6 38. g4 Nd6 39. Nd1 f5 40. gxf5 Nxf5 41. Bg4 Nd6 42. Ne3 Kg7 43. b3 Kf6 44. Be2 Kg5 45. Ng2 Nf5 46. a4 Ng3 0-1

[Event "Gibraltar Challengers op-A"]
[Site "Caleta"]
[Date "2020.01.21"]
[Round "2"]
[White "Galvan, Jesus"]
[Black "Ungureanu, Sandu"]
[Result "0-1"]
[WhiteElo "2180"]
[BlackElo "2066"]
[PlyCount "104"]
[EventDate "2020.01.20"]
[EventType "swiss"]
[EventRounds "5"]
[EventCountry "GGB"]
[SourceTitle "CBM 194 Extra"]
[Source "ChessBase"]
[SourceDate "2020.03.31"]
[SourceVersion "1"]
[SourceVersionDate "2020.03.31"]
[SourceQuality "1"]

1. d4 d5 2. c4 dxc4 3. e3 c5 4. Bxc4 cxd4 5. Nf3 Nc6 6. exd4 e6 7. 0-0 Nf6 8. Nc3 Be7 9. Qe2 0-0 10. Rd1 Nb4 11. Ne5 a6 12. a3 Nbd5 13. Rd3 b5 14. Bb3 Bb7 15. Rh3 Nxc3 16. bxc3 Be4 17. Bg5 Bf5 18. Nc6 Qc7 19. Nxe7+ Qxe7 20. Rg3 Rfd8 21. Qe5 Kf8 22. d5 h6 23. Bh4 g5 24. Rxg5 hxg5 25. Bxg5 Kg7 26. Re1 Rh8 27. Qxf5 exf5 28. Rxe7 Rhe8 29. Re3 Rxe3 30. Bxe3 Rd8 31. Bd4 Kg6 32. Bc2 Rxd5 33. f3 Ne8 34. g4 Nd6 35. h4 f6 36. Kf2 Kf7 37. h5 fxg4 38. fxg4 Rg5 39. Bg6+ Ke6 40. Kf3 Nc4 41. Kf4 Nxa3 42. Be4 Nc4 43. h6 Nd6 44. h7 Nf7 45. Bf5+ Ke7 46. Bc5+ Ke8 47. Bf2 Kf8 48. Bh4 Kg7 49. Be6 Nd8 50. Bg8 Nb7 51. Bf2 Nc5 52. Bd4 Nd3+ 0-1

[Event "Benidorm op U2300 18th"]
[Site "Benidorm"]
[Date "2019.12.07"]
[Round "10"]
[White "Scherer, Helmut"]
[Black "Galvan, Jesus"]
[Result "1-0"]
[WhiteElo "2278"]
[BlackElo "2198"]
[PlyCount "84"]
[EventDate "2019.11.29"]
[EventType "swiss"]
[EventRounds "10"]
[EventCountry "ESP"]
[SourceTitle "EXT 2022"]
[Source "ChessBase"]
[SourceDate "2021.10.06"]
[SourceVersion "1"]
[SourceVersionDate "2021.10.06"]
[SourceQuality "1"]

1. e4 c5 2. Nf3 Nc6 3. Bb5 g6 4. c3 Nf6 5. Qe2 a6 6. Bxc6 dxc6 7. h3 Bg7 8. 0-0 0-0 9. d4 cxd4 10. cxd4 e5 11. dxe5 Nd7 12. Bf4 Qe7 13. Nc3 Nxe5 14. Nxe5 Bxe5 15. Bxe5 Qxe5 16. Qe3 Re8 17. Rae1 Be6 18. f4 Qh5 19. e5 Bd5 20. Rd1 Rad8 21. Qc5 Qf5 22. Nxd5 cxd5 23. Rxd5 Rc8 24. Qd4 Rc2 25. a3 h5 26. Re1 Qc8 27. e6 fxe6 28. Rg5 Kf7 29. Re3 h4 30. Qe4 Rg8 31. b4 Qc6 32. Qd4 Rc4 33. Qe5 Re8 34. Rg4 Rc2 35. Kh2 Qd5 36. Qa1 Qd2 37. Re4 Qf2 38. Rd4 Re7 39. Rd8 Rb2 40. Rh8 e5 41. Qd1 Qd4 42. Qe1 Qd8 1-0

[Event "Benidorm op U2300 18th"]
[Site "Benidorm"]
[Date "2019.12.04"]
[Round "6"]
[White "Gonzalez Martinez, Miguel Angel"]
[Black "Galvan, Jesus"]
[Result "1-0"]
[WhiteElo "2094"]
[BlackElo "2198"]
[PlyCount "102"]
[EventDate "2019.11.29"]
[EventType "swiss"]
[EventRounds "10"]
[EventCountry "ESP"]
[SourceTitle "EXT 2022"]
[Source "ChessBase"]
[SourceDate "2021.10.06"]
[SourceVersion "1"]
[SourceVersionDate "2021.10.06"]
[SourceQuality "1"]

1. d4 d6 2. Nf3 f5 3. Bf4 Nf6 4. e3 e6 5. h3 g6 6. Bc4 Bg7 7. 0-0 Nc6 8. Nc3 0-0 9. Bh2 Kh8 10. a3 Qe7 11. Qe2 e5 12. dxe5 dxe5 13. Rad1 Be6 14. Bxe6 Qxe6 15. Qb5 Ne8 16. Ng5 Qf6 17. Nd5 Nd6 18. Qxc6 bxc6 19. Nxf6 Bxf6 20. Ne6 Rf7 21. Nxc7 Rxc7 22. Rxd6 Kg7 23. Rfd1 Re8 24. f3 Kf7 25. Kf2 Re6 26. Rd7+ Re7 27. Rxc7 Rxc7 28. e4 Ke6 29. Ke2 Be7 30. Bg1 Rb7 31. b3 Bd6 32. a4 Be7 33. Rd3 h5 34. Kd2 Bg5+ 35. Kc3 a6 36. Kc4 Be7 37. Bc5 Rb8 38. Bxe7 Kxe7 39. Kc5 Rf8 40. exf5 gxf5 41. Kb6 Ke6 42. Kxa6 e4 43. fxe4 fxe4 44. Re3 Ke5 45. Kb7 Rf2 46. a5 Kd4 47. Re1 Rxc2 48. Ra1 e3 49. a6 e2 50. a7 Ra2 51. Re1 Ke3 1-0

[Event "Benidorm op U2300 18th"]
[Site "Benidorm"]
[Date "2019.12.03"]
[Round "5"]
[White "Galvan, Jesus"]
[Black "Martinez Lopez, Jaime"]
[Result "1-0"]
[WhiteElo "2198"]
[BlackElo "1985"]
[PlyCount "113"]
[EventDate "2019.11.29"]
[EventType "swiss"]
[EventRounds "10"]
[EventCountry "ESP"]
[SourceTitle "EXT 2022"]
[Source "ChessBase"]
[SourceDate "2021.10.06"]
[SourceVersion "1"]
[SourceVersionDate "2021.10.06"]
[SourceQuality "1"]

1. d4 d6 2. c4 e5 3. Nf3 e4 4. Ng5 f5 5. g3 Be7 6. Nh3 Nf6 7. Nc3 0-0 8. Bg2 c6 9. d5 a5 10. 0-0 Na6 11. f3 exf3 12. exf3 Nd7 13. Be3 Ndc5 14. Qd2 Bd7 15. Rfe1 Nb4 16. Nf2 Be8 17. Rad1 Bf7 18. a3 Nba6 19. f4 Rc8 20. Rb1 a4 21. Qd1 Bf6 22. Nxa4 Nxa4 23. Qxa4 cxd5 24. cxd5 Nc5 25. Qb4 Qd7 26. Bd4 Bd8 27. b3 Na6 28. Qd2 Qb5 29. Qb2 Bf6 30. Bxf6 gxf6 31. b4 Kg7 32. Rbc1 Nc7 33. Qb1 Nxd5 34. Qxf5 Nc3 35. Qxb5 Nxb5 36. Bxb7 Rxc1 37. Rxc1 Nxa3 38. Rc8 Bc4 39. Rxf8 Kxf8 40. Ng4 Ke7 41. Ne3 Kd7 42. f5 Kc7 43. Bd5 Bd3 44. Kf2 Kb6 45. Ke1 Nc2+ 46. Nxc2 Bxc2 47. g4 Kb5 48. Kd2 Ba4 49. Kc3 h6 50. h4 Bd1 51. g5 hxg5 52. hxg5 fxg5 53. f6 Bh5 54. f7 Bxf7 55. Bxf7 g4 56. Bd5 g3 57. Kb3 1-0

[Event "Benidorm op U2300 18th"]
[Site "Benidorm"]
[Date "2019.11.30"]
[Round "2"]
[White "Aledo Yanguas, Javier"]
[Black "Galvan, Jesus"]
[Result "1-0"]
[WhiteElo "2023"]
[BlackElo "2198"]
[PlyCount "115"]
[EventDate "2019.11.29"]
[EventType "swiss"]
[EventRounds "10"]
[EventCountry "ESP"]
[SourceTitle "EXT 2022"]
[Source "ChessBase"]
[SourceDate "2021.10.06"]
[SourceVersion "1"]
[SourceVersionDate "2021.10.06"]
[SourceQuality "1"]

1. e4 c5 2. c3 Nf6 3. e5 Nd5 4. d4 cxd4 5. cxd4 d6 6. f4 Nc6 7. Nc3 dxe5 8. fxe5 Bf5 9. a3 e6 10. Nf3 Be7 11. Bd3 Bh4+ 12. g3 Bxd3 13. Qxd3 Be7 14. 0-0 0-0 15. Qe4 Nxc3 16. bxc3 Rc8 17. Qg4 Kh8 18. Ng5 Qe8 19. Qh5 Bxg5 20. Bxg5 f5 21. Qh3 Ne7 22. Bxe7 Qxe7 23. Rf3 Rc4 24. Raf1 Qxa3 25. g4 g6 26. gxf5 Rxf5 27. Rxf5 gxf5 28. Qh4 Qf8 29. Rf3 Rc7 30. Kf2 b5 31. Rg3 Qe7 32. Qh6 Qf7 33. d5 exd5 34. e6 Qe7 35. Qf4 Qc5+ 36. Kg2 d4 37. Qxd4+ Qxd4 38. cxd4 Rc2+ 39. Kf1 f4 40. Rg4 b4 41. e7 Rc8 42. Rxf4 Kg7 43. d5 b3 44. d6 b2 45. Rb4 Kf7 46. Rxb2 Ke6 47. Rd2 Kd7 48. Kf2 a5 49. Ke3 a4 50. Ke4 a3 51. Ke5 Ra8 52. Ra2 Ra4 53. h3 Ra6 54. Kf6 Ra4 55. Re2 Ra8 56. Kf7 Re8 57. Ra2 Ra8 58. Rxa3 1-0

[Event "Quart Poblet op 2nd Blitz"]
[Site "Quart de Poblet"]
[Date "2019.08.10"]
[Round "2.8"]
[White "Alvarez Aranda, Jesus"]
[Black "Galvan, Jesus"]
[Result "0-1"]
[WhiteElo "1687"]
[BlackElo "2015"]
[PlyCount "68"]
[EventDate "2019.08.10"]
[EventType "swiss (blitz)"]
[EventRounds "9"]
[EventCountry "ESP"]
[SourceTitle "EXT 2024"]
[Source "ChessBase"]
[SourceDate "2023.10.10"]
[SourceVersion "1"]
[SourceVersionDate "2023.10.10"]
[SourceQuality "1"]

1. e4 c5 2. Nf3 Nf6 3. Nc3 Nc6 4. e5 Ng4 5. Qe2 d6 6. h3 Ngxe5 7. Nxe5 Nxe5 8. d3 g6 9. Bf4 Bg7 10. Bxe5 Bxe5 11. Qd2 Bg7 12. Be2 0-0 13. 0-0 Rb8 14. b3 b5 15. Ne4 Bxa1 16. Rxa1 e5 17. Qh6 f6 18. Bh5 Qe7 19. Nxd6 gxh5 20. Ne4 Bb7 21. Qxh5 Bxe4 22. dxe4 Kh8 23. Re1 Qf7 24. Qh4 Rbd8 25. Re3 Rg8 26. Rf3 Rg6 27. Rd3 Rxd3 28. cxd3 Qd7 29. g4 Qxd3 30. Qg3 Qxg3+ 31. fxg3 Rg8 32. Kf2 Rd8 33. Ke2 c4 34. h4 c3 0-1

[Event "Quart Poblet op 2nd Blitz"]
[Site "Quart de Poblet"]
[Date "2019.08.10"]
[Round "4.5"]
[White "Galvan, Jesus"]
[Black "Rios Garcia, Miguel"]
[Result "1-0"]
[WhiteElo "2015"]
[BlackElo "1788"]
[PlyCount "165"]
[EventDate "2019.08.10"]
[EventType "swiss (blitz)"]
[EventRounds "9"]
[EventCountry "ESP"]
[SourceTitle "EXT 2024"]
[Source "ChessBase"]
[SourceDate "2023.10.10"]
[SourceVersion "1"]
[SourceVersionDate "2023.10.10"]
[SourceQuality "1"]

1. d4 Nf6 2. c4 e5 3. dxe5 Ng4 4. Bf4 Bb4+ 5. Nd2 Nc6 6. Ngf3 Qe7 7. e3 Ngxe5 8. Nxe5 Nxe5 9. Be2 a5 10. a3 Bc5 11. Nb3 a4 12. Nxc5 Qxc5 13. Qd5 Qxd5 14. cxd5 d6 15. Rc1 Kd8 16. 0-0 Bf5 17. Rc3 Re8 18. f3 Nd7 19. e4 Bg6 20. Rfc1 Nc5 21. Bb5 Re7 22. Be3 b6 23. g4 f6 24. Kf2 Bxe4 25. Bxc5 bxc5 26. fxe4 Rb8 27. Bd3 Rxb2+ 28. R1c2 Rb3 29. Ke3 g6 30. Rxb3 axb3 31. Rc3 f5 32. gxf5 gxf5 33. Rxb3 c4 34. Rb8+ Kd7 35. Bc2 Rg7 36. exf5 Ke7 37. Kf4 Rg2 38. Ba4 Rxh2 39. Rc8 Kf6 40. Rf8+ Ke7 41. Rc8 Kf6 42. Rf8+ Ke7 43. Re8+ Kf6 44. Re6+ Kf7 45. Be8+ Kf8 46. f6 c3 47. Ba4 c2 48. Re1 Kf7 49. Kg5 Rg2+ 50. Kh4 Rd2 51. Rc1 Rd4+ 52. Kg5 Rxa4 53. Rxc2 Rxa3 54. Rxc7+ Kf8 55. Kf5 Rf3+ 56. Ke6 Re3+ 57. Kxd6 Kg8 58. Re7 Rf3 59. Ke6 Re3+ 60. Kd7 Rf3 61. Rg7+ Kf8 62. Rxh7 Rxf6 63. d6 Rf1 64. Rh2 Rf3 65. Kd8 Rf1 66. d7 Rf3 67. Re2 Ra3 68. Re4 Rf3 69. Kc7 Rc3+ 70. Kd6 Rd3+ 71. Kc6 Rc3+ 72. Kd6 Rd3+ 73. Ke6 Rd1 74. Rf4+ Kg8 75. Rf5 Re1+ 76. Kf6 Rd1 77. Ke7 Re1+ 78. Kd8 Kg7 79. Kc7 Rc1+ 80. Kd6 Rd1+ 81. Ke6 Kg8 82. Rd5 Re1+ 83. Kd6 1-0

[Event "Quart Poblet op 2nd Blitz"]
[Site "Quart de Poblet"]
[Date "2019.08.10"]
[Round "5.5"]
[White "Nieto Tornero, Jose"]
[Black "Galvan, Jesus"]
[Result "1-0"]
[WhiteElo "1932"]
[BlackElo "2015"]
[PlyCount "157"]
[EventDate "2019.08.10"]
[EventType "swiss (blitz)"]
[EventRounds "9"]
[EventCountry "ESP"]
[SourceTitle "EXT 2024"]
[Source "ChessBase"]
[SourceDate "2023.10.10"]
[SourceVersion "1"]
[SourceVersionDate "2023.10.10"]
[SourceQuality "1"]

1. e4 c5 2. Nf3 Nf6 3. Nc3 Nc6 4. d4 d5 5. exd5 Nxd5 6. Nxd5 Qxd5 7. dxc5 Qxc5 8. Be2 Bf5 9. c3 e6 10. 0-0 Be7 11. Be3 Qa5 12. Qb3 Qc7 13. Nd4 Nxd4 14. Bxd4 0-0 15. Bf3 e5 16. Be3 e4 17. Be2 Bd6 18. g3 Be6 19. Qc2 f5 20. Bd4 Rae8 21. Bb5 Re7 22. Ba4 Kh8 23. Bb3 Bd7 24. Bd5 Rfe8 25. Rae1 Bc6 26. Bxc6 Qxc6 27. Be3 h6 28. h4 f4 29. gxf4 Rf7 30. Qd2 Be7 31. Kg2 Qg6+ 32. Kh2 Qg4 33. Rh1 Bxh4 34. Reg1 Qf5 35. Qe2 Re6 36. Qg4 Qxg4 37. Rxg4 Bf6 38. Bxa7 Rd7 39. Be3 b5 40. a3 Red6 41. f5 Be5+ 42. Kg2 Rf6 43. Rxe4 Rxf5 44. Rhh4 Kh7 45. Rb4 Bf6 46. Rhf4 Rg5+ 47. Kf3 Rh5 48. Bd4 Bg5 49. Rf5 Rh3+ 50. Ke2 Re7+ 51. Re5 Rf7 52. Rbxb5 Rh1 53. Rf5 Re7+ 54. Rbe5 Rd7 55. a4 Bf6 56. Re4 Kg6 57. Rb5 Bg5 58. a5 Ra1 59. Rb6+ Kh7 60. a6 h5 61. Re5 Kg8 62. Rxg5 Kf8 63. Rbg6 h4 64. Rxg7 Rxg7 65. Rxg7 Rxa6 66. Rh7 Re6+ 67. Kd3 Re1 68. Rxh4 Kf7 69. b4 Rb1 70. Rh7+ Ke6 71. Rh6+ Kf5 72. Rf6+ Kg5 73. Kc4 Rb2 74. b5 Rb1 75. b6 Rb2 76. Rf7 Kg6 77. Rf6+ Kg5 78. f4+ Kg4 79. Kc5 1-0